Бессмертным путем святого Иакова (Запись № 10003110)
[ простой вид ]
| 000 -МАРКЕР | |
|---|---|
| контрольное поле | 01676nam0a2200349 i 4500 |
| 001 - ИДЕНТИФИКАТОР ЗАПИСИ | |
| контрольное поле | RU\NLR\BIBL_A\010466413 |
| 005 - ИДЕНТИФИКАТОР ВЕРСИИ | |
| контрольное поле | 20240921101437.0 |
| 010 ## - МЕЖДУНАРОДНЫЙ СТАНДАРТНЫЙ НОМЕР КНИГИ (ISBN) | |
| Номер (ISBN) | 9785227053992 |
| Тираж | 2500 |
| 021 ## - НОМЕР ГОСУДАРСТВЕННОЙ РЕГИСТРАЦИИ | |
| Код страны | Российская Федерация |
| Номер | 2014-50028 |
| Номер Листа государственной регистраци | 3023 |
| 035 ## - ДРУГИЕ СИСТЕМНЫЕ НОМЕРА | |
| Идентификатор записи | (NILC)RuMoRGB-007515196 |
| 035 ## - ДРУГИЕ СИСТЕМНЫЕ НОМЕРА | |
| Идентификатор записи | (NLR Aleph) 010466413 |
| 100 ## - ДАННЫЕ ОБЩЕЙ ОБРАБОТКИ | |
| Данные общей обработки | 20140924d2014 m y0rusy50 ca |
| 101 1# - ЯЗЫК РЕСУРСА | |
| Язык текста, звукозаписи и т.д. | русский |
| Язык оригинала | французский |
| 102 ## - СТРАНА ПУБЛИКАЦИИ ИЛИ ПРОИЗВОДСТВА | |
| Страна публикации | Российская Федерация |
| 105 ## - ПОЛЕ КОДИРОВАННЫХ ДАННЫХ: ТЕКСТОВЫЕ МАТЕРИАЛЫ, МОНОГРАФИЧЕСКИЕ | |
| Кодированные данные о монографическом текстовом документе | b|||z||||00yy |
| 200 1# - ЗАГЛАВИЕ И СВЕДЕНИЯ ОБ ОТВЕТСТВЕННОСТИ | |
| Основное заглавие | Бессмертным путем святого Иакова |
| Сведения, относящиеся к заглавию | о паломничестве к одной из трех величайших христианских святынь |
| -- | путевые заметки |
| Первые сведения об ответственности | Жан-Кристоф Рюфен |
| Последующие сведения об ответственности | [пер. с фр. И. А. Петровской] |
| 210 ## - ПУБЛИКАЦИЯ, РАСПРОСТРАНЕНИЕ И ДР. | |
| Место издания, распространения и т.д. | Москва |
| Имя издателя, распространителя и т. д. | Центрполиграф |
| Дата издания, распространения и т.д. | 2014 |
| 215 ## - ФИЗИЧЕСКАЯ ХАРАКТЕРИСТИКА | |
| Специфическое обозначение материала и объем | 254, [1] с. |
| Другие сведения о физической характеристике | карта |
| Размеры | 21 |
| 225 1# - СЕРИЯ | |
| Основное заглавие серии | Путевые заметки |
| 300 ## - ОБЩИЕ ПРИМЕЧАНИЯ | |
| Текст примечания | Загл. и авт. ориг.: Immortelle randonneé / Jean-Christophe Rufin |
| 300 ## - ОБЩИЕ ПРИМЕЧАНИЯ | |
| Текст примечания | На обл. авт.: Жан-Кристоф Рюфен, лауреат Гонкуровской премии |
| 454 #1 - ОРИГИНАЛ (ПЕРЕВОДА) | |
| Встроенное поле | 2001#$aImmortelle randonneé$fJean-Christophe Rufin |
| -- | 700#1$aRufin$bJ.-C.$gJean-Christophe |
| Заглавие | Immortelle randonneé |
| Автор | Rufin, Jean-Christophe |
| 606 1# - НАИМЕНОВАНИЕ ТЕМЫ КАК ПРЕДМЕТ | |
| Наименование темы | Паломничества |
| Географический подзаголовок | Сантьяго-де-Компостела, город (Испания) |
| Системный номер авторитетной/нормативной записи | 2302208 |
| Идентификатор авторитетной/нормативной записи | RU\NLR\AUTH\661378269 |
| 686 2# - ИНДЕКСЫ ДРУГИХ КЛАССИФИКАЦИЙ | |
| Индекс | Э375-39(4Ис)-576 |
| 700 #1 - ИМЯ ЛИЦА - ПЕРВИЧНАЯ ОТВЕТСТВЕННОСТЬ | |
| Начальный элемент ввода | Рюфен |
| Часть имени, кроме начального элемента ввода | Ж.-К. |
| Расширение инициалов личного имени | Жан-Кристоф |
| 801 #0 - ИСТОЧНИК ЗАПИСИ | |
| Страна | Российская Федерация |
| Организация | РГБ |
| Дата составления | 20140703 |
| Правила каталогизации | RCR |
| 942 ## - ДОПОЛНИТЕЛЬНЫЕ ЭЛЕМЕНТЫ ЗАПИСИ (АБИС) | |
| Тип экземпляра АБИС | Книга |
| 980 ## - КОЛЛЕКЦИЯ | |
| Название коллекции | НБР |
Нет доступных экземпляров.